<?xml version="1.0" encoding="UTF-8"?>
<record
    xmlns:xsi="http://www.w3.org/2001/XMLSchema-instance"
    xsi:schemaLocation="http://www.loc.gov/MARC21/slim http://www.loc.gov/standards/marcxml/schema/MARC21slim.xsd"
    xmlns="http://www.loc.gov/MARC21/slim">

  <leader>03883nam a22003495i 4500</leader>
  <controlfield tag="001">991015330069707026</controlfield>
  <controlfield tag="003">UkOxU</controlfield>
  <controlfield tag="005">20260505164746.0</controlfield>
  <controlfield tag="006">m    ||  d |      </controlfield>
  <controlfield tag="007">cr |||||||||||</controlfield>
  <controlfield tag="008">220328s2022    xxk||||eo    |||| ||eng  </controlfield>
  <datafield tag="020" ind1=" " ind2=" ">
    <subfield code="a">9781292405407</subfield>
  </datafield>
  <datafield tag="035" ind1=" " ind2=" ">
    <subfield code="a">022812312-44oxf_inst</subfield>
  </datafield>
  <datafield tag="035" ind1=" " ind2=" ">
    <subfield code="a">(UkOxU)022812312</subfield>
  </datafield>
  <datafield tag="035" ind1=" " ind2=" ">
    <subfield code="a">(Uk)020537144</subfield>
  </datafield>
  <datafield tag="037" ind1=" " ind2=" ">
    <subfield code="a">9781292405407</subfield>
    <subfield code="b">Pearson UK</subfield>
  </datafield>
  <datafield tag="040" ind1=" " ind2=" ">
    <subfield code="a">Uk</subfield>
    <subfield code="b">eng</subfield>
    <subfield code="c">Uk</subfield>
  </datafield>
  <datafield tag="041" ind1=" " ind2=" ">
    <subfield code="a">English</subfield>
  </datafield>
  <datafield tag="100" ind1=" " ind2=" ">
    <subfield code="a">Sloman, John</subfield>
    <subfield code="d">1947-</subfield>
    <subfield code="e">author.</subfield>
    <subfield code="9">8100</subfield>
  </datafield>
  <datafield tag="245" ind1="1" ind2="0">
    <subfield code="a">Economics </subfield>
    <subfield code="c">/ John Sloman, Jon Guest, Dean Garratt.</subfield>
  </datafield>
  <datafield tag="250" ind1=" " ind2=" ">
    <subfield code="a">Eleventh edition.</subfield>
  </datafield>
  <datafield tag="264" ind1=" " ind2="1">
    <subfield code="a">Harlow :</subfield>
    <subfield code="b">Pearson,</subfield>
    <subfield code="c">2022.</subfield>
  </datafield>
  <datafield tag="300" ind1=" " ind2=" ">
    <subfield code="a">1 online resource.</subfield>
  </datafield>
  <datafield tag="505" ind1="0" ind2=" ">
    <subfield code="a">Economics and Economies &#x2014; Part B FOUNDATIONS OF MICROECONOMICS &#x2014; Supply and Demand &#x2014; Government and the Market &#x2014; Part C MICROECONOMIC THEORY &#x2014; Background to Demand: the Rational Consumer &#x2014; Consumer Behaviour in an Uncertain World &#x2014; Background to Supply &#x2014; Profit Maximising under Perfect Competition and Monopoly &#x2014; Profit Maximising under Imperfect Competition &#x2014; The Behaviour of Firms &#x2014; The Theory of Distribution of Income &#x2014; Part D MICROECONOMIC POLICY &#x2014; Inequality, Poverty and Policies to Redistribute Income &#x2014; Markets, Efficiency and the Public Interest &#x2014; Environmental Policy &#x2014; Government Policy towards Business &#x2014; An Introduction to Macroeconomic Issues and Ideas &#x2014; The Development of Macroeconomic Thinking: a Historical Perspective &#x2014; Part F MACROECONOMIC MODELS, THEORIES AND POLICY &#x2014; Short-run Macroeconomic Equilibrium &#x2014; Banking, Money and Interest Rates &#x2014; The Relationship between the Money and Goods Markets &#x2014; Aggregate Supply, Inflation and Unemployment &#x2014; The Relationship between Inflation, Unemployment and Output &#x2014; Fiscal and Monetary Policy &#x2014; Long-term Economic Growth and Supply-side Policies &#x2014; Part G THE WORLD ECONOMY &#x2014; International Trade &#x2014; The Balance of Payments and Exchange Rates &#x2014; Economies in an Interdependent World.</subfield>
  </datafield>
  <datafield tag="520" ind1=" " ind2=" ">
    <subfield code="a">Economics, 11th edition by Sloman, Garratt, and Guest, is the ultimate guide to the fascinating subject of Economics. The book is essential for the students who want to get a solid understanding of the key concepts in economic theory and practice. With content that is accessible and easy to follow, this latest version will allow you to take your first steps into thinking like an economist.

The latest edition provides valuable insight into the constantly changing and often complex issues that economists face today. The updated comprehensive study material comes with extensive revisions, and the content has been improved, discussing the latest events and developments in the field.

The book touches upon some of the major issues the world is facing in the 2020s from an analytical and critical point of view, prompting you to adopt the economist way of thinking and reflect on both the economic problems and opportunities it presents. Some issues include the effects of the Covid-19 pandemic and aftermath, globalisation, climate emergency facing our planet, the rise in populism and large-scale migration of people across and within continents.

From theory to practical, real-life applications, contemporary issues, and events, this is a leading student text and definitive guide on the principles of Economics.

Personalise learning with MyLab&#xAE; Economics.
By combining trusted author content with digital tools and a flexible platform, MyLab Economics personalises the learning experience and improves results for each student.</subfield>
  </datafield>
  <datafield tag="630" ind1=" " ind2="0">
    <subfield code="a">&#x200B;&#x200B;B1 Economics for Managers (BiM)</subfield>
    <subfield code="9">26600</subfield>
  </datafield>
  <datafield tag="650" ind1=" " ind2="0">
    <subfield code="a">Economics</subfield>
    <subfield code="9">2587</subfield>
  </datafield>
  <datafield tag="700" ind1=" " ind2=" ">
    <subfield code="a">Guest, Jon</subfield>
    <subfield code="e">author.</subfield>
    <subfield code="9">22988</subfield>
  </datafield>
  <datafield tag="700" ind1=" " ind2=" ">
    <subfield code="a">Garratt, Dean</subfield>
    <subfield code="d">1970-</subfield>
    <subfield code="e">author.</subfield>
    <subfield code="9">8099</subfield>
  </datafield>
  <datafield tag="856" ind1=" " ind2=" ">
    <subfield code="u">https://bibliotheque.tbs-education.fr/Default/doc/SYRACUSE/3386377/economics</subfield>
  </datafield>
  <datafield tag="942" ind1=" " ind2=" ">
    <subfield code="2">lcc</subfield>
  </datafield>
  <datafield tag="952" ind1=" " ind2=" ">
    <subfield code="0">0</subfield>
    <subfield code="1">0</subfield>
    <subfield code="2">lcc</subfield>
    <subfield code="4">0</subfield>
    <subfield code="7">0</subfield>
    <subfield code="8">CT</subfield>
    <subfield code="a">TBS</subfield>
    <subfield code="b">TBS</subfield>
    <subfield code="d">2025-09-10</subfield>
    <subfield code="l">0</subfield>
    <subfield code="r">2025-09-10</subfield>
    <subfield code="t">1</subfield>
    <subfield code="u">https://bibliotheque.tbs-education.fr/Default/doc/SYRACUSE/3386377/economics</subfield>
    <subfield code="w">2025-09-10</subfield>
    <subfield code="y">EBOOK</subfield>
    <subfield code="z">ebook</subfield>
  </datafield>
  <datafield tag="999" ind1=" " ind2=" ">
    <subfield code="c">4927</subfield>
    <subfield code="d">4927</subfield>
  </datafield>
</record>
